000 00550nam a2200181 i 4500
001 89815
003 ES-MaACL
005 20250809063508.0
007 t|
008 050113s1972 sp ||||1| spa d
100 1 _aLaurentin, René,
_d1917-2017
_970642
245 1 3 _aLa fuerza de vivir /
_cRené Laurentin ; [traducción de J.J. Ferrero].
260 _a[Zalla (Vizcaya)] :
_bPaulinas,
_c[1972]
300 _a153 p. ;
_c19 cm.
700 1 _aFerrero, Juan José.
_950552
852 _aES-MaACL
_jC-46501
_bR.81394
999 _c89815
_d89815